[Event "Mont de Marsan op 6th"]
[Site "Mont de Marsan"]
[Date "2006.12.29"]
[Round "7"]
[White "Auge, Jean"]
[Black "Faure, Nicolas"]
[Result "0-1"]
[WhiteElo "1941"]
[BlackElo "2081"]
[PlyCount "120"]
[EventDate "2006.12.26"]
[EventType "swiss"]
[EventRounds "9"]
[EventCountry "FRA"]
[SourceTitle "CBM 116 Extra"]
[Source "ChessBase"]
[SourceDate "2007.03.07"]
[SourceVersion "1"]
[SourceVersionDate "2007.03.07"]
[SourceQuality "1"]

1. e4 c5 2. f4 e6 3. Nf3 d5 4. Bb5+ Bd7 5. Bxd7+ Nxd7 6. exd5 exd5 7. 0-0 Bd6 8. d4 Ne7 9. dxc5 Bxc5+ 10. Kh1 0-0 11. Nc3 Nf6 12. Ne2 Nf5 13. Ned4 Nxd4 14. Nxd4 Re8 15. c3 Qb6 16. b4 Bxd4 17. Qxd4 Qxd4 18. cxd4 Rac8 19. f5 Rc2 20. Bg5 Ree2 21. Rac1 Rxg2 22. Rxc2 Rxc2 23. Rc1 Rxc1+ 24. Bxc1 Ne4 25. Kg2 g6 26. fxg6 hxg6 27. Kf3 f6 28. h4 Kf7 29. Be3 b5 30. Kg4 f5+ 31. Kf4 Kf6 32. Kf3 g5 33. hxg5+ Nxg5+ 34. Kf4 Ne6+ 35. Kf3 f4 36. Bxf4 Nxd4+ 37. Kg4 Nc2 38. Bd6 Ke6 39. Bc5 Ke5 40. Kf3 Nd4+ 41. Ke3 Nc6 42. Kd3 a6 43. Bf8 d4 44. a4 Kd5 45. axb5 axb5 46. Bc5 Ne5+ 47. Kd2 Kc4 48. Bf8 Nc6 49. Bh6 Nxb4 50. Bg5 d3 51. Bf6 Nc2 52. Bg7 Nd4 53. Bf6 b4 54. Bg7 b3 55. Kc1 d2+ 56. Kxd2 b2 57. Bxd4 b1Q 58. Bh8 Qh1 59. Bb2 Qg2+ 60. Kc1 Kb3 0-1

[Event "Mont de Marsan op 6th"]
[Site "Mont de Marsan"]
[Date "2006.12.29"]
[Round "8"]
[White "Faure, Nicolas"]
[Black "Escanye, Romain"]
[Result "1-0"]
[WhiteElo "2081"]
[BlackElo "1862"]
[PlyCount "97"]
[EventDate "2006.12.26"]
[EventType "swiss"]
[EventRounds "9"]
[EventCountry "FRA"]
[SourceTitle "CBM 116 Extra"]
[Source "ChessBase"]
[SourceDate "2007.03.07"]
[SourceVersion "1"]
[SourceVersionDate "2007.03.07"]
[SourceQuality "1"]

1. d4 Nf6 2. Nf3 d6 3. g3 g6 4. Bg2 Bg7 5. 0-0 0-0 6. Nc3 Nbd7 7. e4 e5 8. d5 Nc5 9. Re1 a5 10. h3 h6 11. Nh2 Nh5 12. Be3 Nf6 13. Bxc5 dxc5 14. Nf1 Ne8 15. Ne3 Nd6 16. a4 Bd7 17. Qe2 f5 18. exf5 gxf5 19. Nc4 e4 20. Nxd6 cxd6 21. Qc4 h5 22. h4 Qe7 23. f4 Bd4+ 24. Kh2 Qg7 25. Nd1 Kh8 26. Ra3 Rg8 27. Qe2 Qg6 28. Nf2 Bxb2 29. Re3 Bd4 30. Ra3 Bxa4 31. Nh3 Bd7 32. c4 Rgb8 33. Rb1 Qe8 34. Rab3 b5 35. Rxb5 Bxb5 36. cxb5 a4 37. b6 a3 38. Qa2 Bb2 39. Rxb2 axb2 40. Qxb2+ Kg8 41. Qf6 Qf7 42. Qxd6 Rd8 43. Qh6 Rxd5 44. Ng5 Qe8 45. Qh7+ Kf8 46. Qb7 Rb8 47. Qxd5 Rxb6 48. Qxc5+ Kg7 49. Qxb6 1-0

[Event "FRA-ch U20"]
[Site "Calvi"]
[Date "2005.04.19"]
[Round "4"]
[White "Pucher, Sebastien"]
[Black "Faure, Nicolas"]
[Result "0-1"]
[WhiteElo "2181"]
[BlackElo "2008"]
[PlyCount "86"]
[EventDate "2005.04.??"]
[EventType "swiss"]
[EventRounds "9"]
[EventCountry "FRA"]
[SourceTitle "EXT 2006"]
[Source "ChessBase"]
[SourceDate "2005.11.24"]
[SourceVersion "1"]
[SourceVersionDate "2005.11.24"]
[SourceQuality "1"]

1. e4 e5 2. Nc3 Bc5 3. f4 d6 4. Nf3 Nc6 5. Bc4 Nf6 6. d3 Bg4 7. f5 Nd4 8. Bg5 c6 9. h3 Bxf3 10. gxf3 b5 11. Bb3 h6 12. Bh4 g5 13. Bf2 Nxb3 14. axb3 Bxf2+ 15. Kxf2 Qb6+ 16. Kg2 b4 17. Ne2 Rg8 18. Qg1 c5 19. Qe3 Ke7 20. Ng3 h5 21. h4 gxh4 22. Rxh4 Rg7 23. Kf2 Rag8 24. Rg1 Rg5 25. Ne2 Rxg1 26. Nxg1 Qa5 27. Ne2 Qa1 28. Qc1 Qxc1 29. Nxc1 a5 30. Ne2 Ra8 31. Rh1 a4 32. Ra1 a3 33. bxa3 Rxa3 34. Rc1 Ra2 35. Ke3 Ne8 36. Kd2 Nc7 37. Rh1 Nb5 38. Nc1 Rb2 39. Kd1 Nd4 40. Rh2 h4 41. Rxh4 Nxc2 42. Rh1 Nd4 43. Rf1 Rb1 0-1

[Event "FRA-ch U20"]
[Site "Calvi"]
[Date "2005.04.17"]
[Round "1"]
[White "Faure, Nicolas"]
[Black "Fargere, Francois"]
[Result "0-1"]
[WhiteElo "2008"]
[BlackElo "2259"]
[PlyCount "88"]
[EventDate "2005.04.??"]
[EventType "swiss"]
[EventRounds "9"]
[EventCountry "FRA"]
[SourceTitle "EXT 2006"]
[Source "ChessBase"]
[SourceDate "2005.11.24"]
[SourceVersion "1"]
[SourceVersionDate "2005.11.24"]
[SourceQuality "1"]

1. e4 c5 2. Nf3 Nc6 3. d4 cxd4 4. Nxd4 g6 5. c4 Bg7 6. Be3 Nf6 7. Nc3 d6 8. Be2 0-0 9. 0-0 Bd7 10. Qd2 Nxd4 11. Bxd4 Bc6 12. f3 Nd7 13. Be3 a5 14. b3 Nc5 15. Rab1 Qb6 16. Rfc1 Rfc8 17. Kh1 Qd8 18. Nd5 e6 19. Nf4 Qe7 20. Rd1 Rd8 21. Qe1 Bf6 22. Bd4 Bxd4 23. Rxd4 Qf6 24. Qd2 e5 25. Nd5 Bxd5 26. Rxd5 Kf8 27. a3 a4 28. bxa4 Rxa4 29. Rd1 b6 30. Qb2 Ra6 31. Qb5 Qe7 32. Qc6 Kg7 33. Rxd6 Rxd6 34. Qxd6 Qxd6 35. Rxd6 Rxa3 36. Kg1 Rb3 37. Kf2 Ne6 38. Rd3 Rb2 39. g3 Nd4 40. Re3 Kf6 41. Kf1 Ke6 42. h4 Kd6 43. Bd1 Kc5 44. Ra3 Rb1 0-1

[Event "Cannes op"]
[Site "Cannes"]
[Date "2005.02.22"]
[Round "3"]
[White "Faure, Nicolas"]
[Black "Zhang, Pengxiang"]
[Result "0-1"]
[WhiteElo "2004"]
[BlackElo "2560"]
[PlyCount "80"]
[EventDate "2005.02.20"]
[EventType "swiss"]
[EventRounds "9"]
[EventCountry "FRA"]
[SourceTitle "CBM 105 Extra"]
[Source "ChessBase"]
[SourceDate "2005.05.01"]
[SourceVersion "1"]
[SourceVersionDate "2005.05.01"]
[SourceQuality "1"]

1. e4 c5 2. Nf3 e6 3. d4 cxd4 4. Nxd4 Qb6 5. Nb3 Nc6 6. Nc3 Nf6 7. Be3 Qc7 8. Bd3 a6 9. f4 d6 10. Qf3 b5 11. 0-0-0 Bb7 12. Kb1 Nb4 13. Nd4 Rc8 14. a3 Nxd3 15. cxd3 Be7 16. g4 d5 17. e5 Nd7 18. Rc1 Qb8 19. g5 b4 20. axb4 Bxb4 21. Nce2 a5 22. Rxc8+ Bxc8 23. Nc6 Qb5 24. Nxb4 axb4 25. Bd4 Qa4 26. Qe3 0-0 27. f5 Bb7 28. f6 Ra8 29. Rg1 Rc8 30. Rc1 Ra8 31. Rc7 b3 32. Kc1 Qa5 33. Rc3 Nc5 34. Kd1 Na6 35. g6 hxg6 36. Qg5 Qd8 37. Nf4 Nb4 38. Nh5 Nc2 39. Nxg7 Nxd4 40. Qh4 Ra1+ 0-1

[Event "FRA-ch U18"]
[Site "Le Grand Bornand"]
[Date "2003.??.??"]
[Round "1.3"]
[White "Beudaert, Xavier"]
[Black "Faure, Nicolas"]
[Result "1-0"]
[WhiteElo "2293"]
[BlackElo "1979"]
[PlyCount "49"]
[EventDate "2003.??.??"]
[EventType "swiss"]
[EventRounds "9"]
[EventCountry "FRA"]
[SourceTitle "EXT 2004"]
[Source "ChessBase"]
[SourceDate "2003.11.25"]
[SourceVersion "1"]
[SourceVersionDate "2003.11.25"]
[SourceQuality "1"]

1. e4 e5 2. Nf3 Nf6 3. Nxe5 d6 4. Nc4 Nxe4 5. d4 Be7 6. Bd3 Nf6 7. Bf4 Nc6 8. c3 Be6 9. Nbd2 0-0 10. Ne3 Re8 11. Qf3 d5 12. h3 Nb8 13. 0-0-0 c6 14. g4 Qa5 15. g5 Nfd7 16. Kb1 b5 17. h4 Qb6 18. h5 b4 19. cxb4 Bxb4 20. g6 Ba3 21. Nb3 a5 22. h6 hxg6 23. hxg7 Na6 24. Be5 Nxe5 25. Qf6 1-0